Statistiques concernant Top 5 du Ballon d'or depuis 2010

Cliquez ici pour prendre le quiz!

Statistiques générales

  • Ce quiz a été pris 1 208 fois
  • Le résultat moyen est 56 sur 65

Statistiques - réponses

HintRéponse% Correct
2016Cristiano Ronaldo
100%
Cristiano Ronaldo
100%
2017Cristiano Ronaldo
100%
Cristiano Ronaldo
100%
Cristiano Ronaldo
100%
2014Cristiano Ronaldo
100%
Cristiano Ronaldo
100%
Cristiano Ronaldo
100%
2013Cristiano Ronaldo
100%
Lionel Messi
100%
2021Lionel Messi
100%
Lionel Messi
100%
Lionel Messi
100%
2010Lionel Messi
100%
2015Lionel Messi
100%
2012Lionel Messi
100%
2023Lionel Messi
100%
Lionel Messi
100%
2011Lionel Messi
100%
Lionel Messi
100%
2019Lionel Messi
100%
2022Karim Benzema
98%
Karim Benzema
98%
Kylian Mbappé
98%
Kylian Mbappé
98%
2018Luka Modrić
98%
Luka Modrić
98%
Erling Haaland
96%
Andrés Iniesta
94%
Andrés Iniesta
94%
Andrés Iniesta
94%
Robert Lewandowski
92%
Robert Lewandowski
92%
Robert Lewandowski
92%
Xavi
92%
Xavi
92%
Xavi
92%
Antoine Griezmann
91%
Antoine Griezmann
91%
Neymar Jr
91%
Neymar Jr
91%
Neymar Jr
91%
Neymar Jr
91%
Franck Ribéry
87%
Kevin De Bruyne
87%
Kevin De Bruyne
87%
Sadio Mané
84%
Sadio Mané
84%
Manuel Neuer
83%
Mohamed Salah
83%
Mohamed Salah
83%
Virgil van Dijk
82%
Luis Suárez
73%
Luis Suárez
73%
Jorginho
65%
Rodri
64%
Arjen Robben
62%
Thomas Müller
60%
N'Golo Kanté
55%
Wesley Sneijder
50%
Gianluigi Buffon
48%
Zlatan Ibrahimović
47%
Wayne Rooney
31%
Diego Forlan
20%
Radamel Falcao
19%

Distribution des résultats

Percentile par nombre de réponses

% des personnes avec chaque résultat

Votre développement - résultats

Vous n’avez pas pris ce quiz